000 00822nam a22001337a 4500
040 _cRUA
082 _aVEM TUY 2014 B443 Or.1
100 _aTUY HONGNAI; ទុយ ហុងណៃ
245 _aEffect of antibiotics on diarrhea of piglets during their suckling period at kim dina farm in kien svay district, kandal province; ប្រសិទ្ធភាពអង់ទីប៊ីយ៉ូទិកលើជំងឺេជ្រូកអំឡុងពេលបៅដោះ នៅកសិដ្ឋានចិញ្ចឹមជ្រូក គីម ឌីណា ស្រុកកៀនស្វាយ ខេត្តកណ្ដាល
260 _aPhnom Penh
_bRUA
_c2014
300 _ax;38p.
_bill.
_c29cm.
856 _uhttps://drive.google.com/file/d/1Sp2rJjcP-bVhja3HRmmNC0Ho-RZ4JGNC/view?usp=sharing
942 _cVEM
999 _c7297
_d7297